| 000 | 00700nam a2200169Ia 4500 | ||
|---|---|---|---|
| 008 | 090711s9999 xx 000 0 und d | ||
| 082 | _b1948 | ||
| 100 | _aपटवर्धन पद्मिनीराजे | ||
| 245 | _aभारतीय परंपरा आणि कबीर | ||
| 260 |
_bकॉन्टीनेन्टल प्रकाशन _c1998 |
||
| 300 | _a316 | ||
| 600 | _aपटवर्धन पद्मिनीराजे | ||
| 630 | _aभारतीय परंपरा आणि कबीर | ||
| 700 | _aपटवर्धन पद्मिनीराजे | ||
| 730 | _aभारतीय परंपरा आणि कबीर | ||
| 942 | _cBOOK | ||
| 999 |
_c326316 _d326316 |
||